Preparación y empleo del hormigón (Record no. 103632)
[ view plain ]
| 000 -LEADER | |
|---|---|
| fixed length control field | 00780nam a22002297a 4500 |
| 005 - DATE AND TIME OF LATEST TRANSACTION | |
| control field | 20230823124617.0 |
| 008 - FIXED-LENGTH DATA ELEMENTS--GENERAL INFORMATION | |
| fixed length control field | 230125b sp ||||| |||| 00| 0 spa d |
| 020 ## - INTERNATIONAL STANDARD BOOK NUMBER | |
| International Standard Book Number | 8425208793 |
| 050 04 - LIBRARY OF CONGRESS CALL NUMBER | |
| Classification number | TA439 |
| Item number | M36 1976 |
| 100 1# - MAIN ENTRY--PERSONAL NAME | |
| Personal name | Mängel, Siegfried |
| 240 1# - UNIFORM TITLE | |
| Uniform title | Betonherstellung und betonverarbeitung. |
| Language of a work | Español |
| 245 10 - TITLE STATEMENT | |
| Title | Preparación y empleo del hormigón |
| Statement of responsibility, etc | / Siegfried Mangel, Reinhard Seeling ; versión castellana Buenaventura Bassegoda. |
| 250 ## - EDITION STATEMENT | |
| Edition statement | 1a ed. |
| 260 ## - PUBLICATION, DISTRIBUTION, ETC. (IMPRINT) | |
| Place of publication, distribution, etc | Barcelona : |
| Name of publisher, distributor, etc | Gustavo Gili, |
| Date of publication, distribution, etc | 1976 |
| 300 ## - PHYSICAL DESCRIPTION | |
| Extent | x, 175 p. : |
| Other physical details | il. ; |
| Dimensions | 24 cm. |
| 504 ## - BIBLIOGRAPHY, ETC. NOTE | |
| Bibliography, etc | Bibliografia : p. 167-175 |
| 650 #4 - SUBJECT ADDED ENTRY--TOPICAL TERM | |
| Topical term or geographic name as entry element | Concreto |
| 650 #7 - SUBJECT ADDED ENTRY--TOPICAL TERM | |
| Topical term or geographic name as entry element | Hormigón |
| Source of heading or term | lemb |
| 700 1# - ADDED ENTRY--PERSONAL NAME | |
| Personal name | Seeling, Reinhard, |
| Relator term | autor |
| 700 1# - ADDED ENTRY--PERSONAL NAME | |
| Personal name | Bassegoda, Buenaventura, |
| Relator term | traductor |
| 942 ## - ADDED ENTRY ELEMENTS (KOHA) | |
| Source of classification or shelving scheme | Biblioteca del Cogreso de los Estados Unidos |
| Koha item type | Libro |
| Estado de pérdida | Fuente de clasificación | Estado del daño | No para préstamo | Ubicación permanente | Ubicación actual | Apartado o colección | Fecha de adquisición | Edición | Área del conocimiento | Total Checkouts | Clasificación | Código de Barras | Date last seen | Número de copia | Costo por reposición | Tipo de recurso |
|---|---|---|---|---|---|---|---|---|---|---|---|---|---|---|---|---|
| Biblioteca del Cogreso de los Estados Unidos | Biblioteca de la Unidad de Ciencias Ingeniería y Humanidades | Biblioteca de la Unidad de Ciencias Ingeniería y Humanidades | General | 25/01/2023 | 1a ed. | Ingeniería y Tecnología | TA439 M36 1976 | BCU000021627 | 25/01/2023 | 1 | 1.00 | Libro | ||||
| Biblioteca del Cogreso de los Estados Unidos | Biblioteca de la Unidad de Ciencias Ingeniería y Humanidades | Biblioteca de la Unidad de Ciencias Ingeniería y Humanidades | General | 25/01/2023 | 1a ed. | Ingeniería y Tecnología | TA439 M36 1976 | BCU000021628 | 25/01/2023 | 2 | 1.00 | Libro | ||||
| Biblioteca del Cogreso de los Estados Unidos | Biblioteca de la Unidad de Ciencias Ingeniería y Humanidades | Biblioteca de la Unidad de Ciencias Ingeniería y Humanidades | General | 23/08/2023 | 1a ed. | Ingeniería y Tecnología | TA439 M36 1976 | BCU000023805 | 23/08/2023 | 3 | 1.00 | Libro |